Normal view
MARC view
- Prince M.V (Guide )
Entry Personal Name
001 - CONTROL NUMBER
- control field: 3297
003 - CONTROL NUMBER IDENTIFIER
- control field: OSt
005 - DATE AND TIME OF LATEST TRANSACTION
- control field: 20180904122838.0
008 - FIXED-LENGTH DATA ELEMENTS
- fixed length control field: 180904|| aca||aabn | a|a d
040 ## - CATALOGING SOURCE
- Original cataloging agency: OSt
- Transcribing agency: OSt
100 ## - HEADING--PERSONAL NAME
- Personal name: Prince M.V (Guide )
670 ## - SOURCE DATA FOUND
- Source citation: Work cat.: (OSt)15486: Anshid K. Panchamy Balan Syamkumar K.S 3296, Development and evaluation of a cassava peeler cum slicer, 2018
